000
00301nam a2200121 4500
082
0
_a
409
100
1
_a
Crewe, W. J.
245
1
3
_a
The place of sudanese arabic
_b
A study in comparative dialectology :
_c
W. J. Crewe
260
_a
Khartoum
300
_a
18 p.
700
1
_a
Crewe, W. J.
942
_2
ddc
_c
BK
999
_c
64039
_d
64013